| 000 | 00538nam a2200181 i 4500 | ||
|---|---|---|---|
| 001 | 32749 | ||
| 003 | ES-MaACL | ||
| 005 | 20230906154629.0 | ||
| 007 | t| | ||
| 008 | 030131s1971 sp ||||1| spa d | ||
| 080 | _a860-94"19" | ||
| 100 | 1 |
_aBenot Moreno, Eduardo. _927765 |
|
| 245 | 1 | 0 |
_aRecuerdos imborrables / _cEduardo Benot Moreno ; prólogo de Santiago Montoto. |
| 260 |
_aSevilla : _bEd. Católica Española, _c1971. |
||
| 300 |
_a189 p. : _bil. ; _c18 cm. |
||
| 700 | 1 |
_aMontoto, Santiago. _982701 |
|
| 852 |
_aES-MaACL _jC-45998 |
||
| 999 |
_c32749 _d32749 |
||